Pengasas Bani Umaiyah

Bibliographic Details
Other Authors: Nurul Syifa
Format: Book
Published: Kuala Lumpur : Sabunai Media , 2006
Series:Siri Islam sezaman
Subjects:

MARC

LEADER 00000cam a2200000 7i4500
001 0000007291
005 20161011.0
008 070829
020 |a 9832612977 
090 0 0 |a JF   |b MAL 
245 1 0 |a Pengasas Bani Umaiyah   |c Disusun oleh Nurul Syifa 
260 |a Kuala Lumpur :   |b Sabunai Media ,   |c 2006 
440 |a Siri Islam sezaman 
500 |a Children ages 10-12 years old (pink) 
650 0 |a Islamic stories,Malay 
700 0 |a Nurul Syifa 
999 |a 0000989618   |b Book   |c Children Collection   |e Cawangan Pontian 
999 |a 0000989619   |b Book   |c Children Collection   |e Cawangan Taman Sri Lambak 
999 |a 0000989620   |b Book   |c Children Collection   |e Cawangan Bandar Penawar 
999 |a 0000989621   |b Book   |c Children Collection   |e Cawangan Sri Merlong 
999 |a 0000989622   |b Book   |c Children Collection   |e Cawangan Bandar Penawar 
999 |a 0001129602   |b Book   |c Children Collection   |e Cawangan Segamat 
999 |a 0001129603   |b Book   |c Children Collection   |e Cawangan Bandar Penawar 
999 |a 0001129605   |b Book   |c Children Collection   |e Cawangan Taman Sri Lambak 
999 |a 0001144531   |b Book   |c Adult Collection   |e Cawangan Pontian